Normal view
MARC view
Entry Topical Term
001 - CONTROL NUMBER
- control field: 16752
003 - CONTROL NUMBER IDENTIFIER
- control field: OSt
005 - DATE AND TIME OF LATEST TRANSACTION
- control field: 20231012132030.0
008 - FIXED-LENGTH DATA ELEMENTS
- fixed length control field: 231012|| aca||aabn | a|a d
040 ## - CATALOGING SOURCE
- Original cataloging agency: OSt
- Transcribing agency: OSt
150 ## - HEADING--TOPICAL TERM
- Topical term or geographic name entry element: Quantity Surveying
670 ## - SOURCE DATA FOUND
- Source citation: Work cat.: (OSt)8211: Lee,sandra; 16751, Willis"s Elements of Quality Surveying;
